000
00249nam a22001097a 4500
008
170126b xxu||||| |||| 00| 0 eng d
020
_a
9780073402031
041
_a
eng
080
_2
4TH
_a
61
245
_a
MEDICAL INSURANCE
_c
VALERIUS
942
_2
udc
_c
BK
999
_c
3780
_d
3780